01964nam a2200373 a 4500001001200000003000800012006001900020007001500039008004100054010001700095020003900112020003600151040002100187035002100208043001200229050002600241082002500267100002400292245017000316260005600486300002500542504006400567505036100631533015200992610003001144610005801174610006901232650004901301650005101350655002901401710001701430856012601447999001701573ebr10233587CaPaEBRm u cr cn|||||||||061102s2007 utuab sb s001 0 eng  z 2006036737 z9780874216585 (cloth : alk. paper) z0874216583 (cloth : alk. paper) aCaPaEBRcCaPaEBR a(OCoLC)298788366 an-us---14aHD9109.U7bG63 2007eb04a338.7/66412309732221 aGodfrey, Matthew C.10aReligion, politics, and sugarh[electronic resource] :bthe Mormon Church, the federal government, and the Utah-Idaho Sugar Company, 1907-1921 /cMatthew C. Godfrey. aLogan, Utah :bUtah State University Press,cc2007. a226 p. :bill., map. aIncludes bibliographical references (p. 209-219) and index.0 aIntroduction -- The establishment of the sugar industry in Utah and Idaho, 1851-1907 -- Before the Hardwick Committee of the House of Representatives -- National sugar policies and the First World War -- Political and legal troubles in the aftermath of the First World War -- Restraint of trade : Federal Trade Commission v. Utah-Idaho Sugar -- Conclusion. aElectronic reproduction.bPalo Alto, Calif. :cebrary,d2013.nAvailable via World Wide Web.nAccess may be limited to ebrary affiliated libraries.20aUtah-Idaho Sugar Company.20aChurch of Jesus Christ of Latter-day SaintsxFinance.20aChurch of Jesus Christ of Latter-day SaintsxPolitical activity. 0aBeet sugar industryzUnited StatesxHistory. 0aSugar tradexGovernment policyzUnited States. 7aElectronic books.2local2 aebrary, Inc.40uhttp://site.ebrary.com/lib/rucke/Doc?id=10233587zAn electronic book accessible through the World Wide Web; click to view c38140d38140